UBT Library

The Arden Shakespeare complete works / (Record no. 38996)

000 -LEADER
fixed length control field 00806cam a2200265 a 4500
001 - CONTROL NUMBER
control field 17095534
005 - DATE AND TIME OF LATEST TRANSACTION
control field 20171215045610.0
008 - FIXED-LENGTH DATA ELEMENTS--GENERAL INFORMATION
fixed length control field 111209s2011 enkac b 001 d eng
010 ## - LIBRARY OF CONGRESS CONTROL NUMBER
LC control number 2011507125
020 ## - INTERNATIONAL STANDARD BOOK NUMBER
International Standard Book Number 9781408152010 (pbk.)
040 ## - CATALOGING SOURCE
Original cataloging agency DLC
Transcribing agency DLC
041 ## - LANGUAGE CODE
Language code of text/sound track or separate title eng
042 ## - AUTHENTICATION CODE
Authentication code pcc
080 ## - UNIVERSAL DECIMAL CLASSIFICATION NUMBER
Universal Decimal Classification number 822.33
082 04 - DEWEY DECIMAL CLASSIFICATION NUMBER
Classification number 822.33 SHA
Edition number 22
100 1# - Rafti
Rafti 22
101 ## - Shkurtesa
Shkurtesa GJL
240 10 - UNIFORM TITLE
Uniform title <a href="Works.">Works.</a>
Date of a work 2011
245 14 - TITLE STATEMENT
Title The Arden Shakespeare complete works /
Statement of responsibility, etc edited by Richard Proudfoot, Ann Thompson and David Scott Kastan.
246 30 - VARYING FORM OF TITLE
Title proper/short title Shakespeare complete works
504 ## - BIBLIOGRAPHY, ETC. NOTE
Bibliography, etc Includes bibliographical references (p. 1339-1343) and indexes.
906 ## - LOCAL DATA ELEMENT F, LDF (RLIN)
a 7
b cbc
c origres
d 2
e ncip
f 20
g y-gencatlg
942 ## - ADDED ENTRY ELEMENTS (KOHA)
Source of classification or shelving scheme
Item type Books
Holdings
Withdrawn status Lost status Source of classification or shelving scheme Damaged status Not for loan Collection code Permanent location Current location Shelving location Date acquired Total Checkouts Full call number Barcode Date last seen Price effective from Koha item type
          Koleksioni i përgjithshem UBT - Lipjan UBT - Lipjan Koleksioni i përgjithshem 12/15/2017   822.33 SHA 002-2939602 12/15/2017 12/15/2017 Books
UBT Library © 2015-2024. All rights reserved University Education for Business and Technology